00714 2200253 4500001002100000005001700021008004100038020002200079035002400101040001200125082001900137084002500156090002900181100001800210245004400228250001100272260006200283300003600345650002100381700001700402700001100419850001200430990001800442INLIS00000000002368120161028133846.0  a978-602-73489-1-2 0010-101600000000633 aYOPDYOG a781.509 598 14 a781.509 598 14 Zua L aBTR 781.509 598 14 Zua L aZuarman Ahmad aLagu Daerah Riauc/ Zuarman Ahmad, dkk. aCet. 1 aRiaubDinas Pendidikan dan Kebudayaan Provinsi Riauc2015 axii, 96 hlm.b: ilus.c; 24 cm. aLagu Daerah Riau aArman Rambah aSukron aYOPDYOG a52996-PD/A.16